[Event "Ludwigshafen-ch 21st"]
[Site "Ludwigshafen"]
[Date "2007.09.08"]
[Round "7"]
[White "Frantzke, Helmut"]
[Black "Sonnhoff, Werner"]
[Result "1-0"]
[WhiteElo "1955"]
[BlackElo "1810"]
[PlyCount "41"]
[EventDate "2007.08.25"]
[EventType "swiss"]
[EventRounds "7"]
[EventCountry "GER"]
[SourceTitle "EXT 2008"]
[Source "ChessBase"]
[SourceDate "2007.11.25"]
[SourceVersion "1"]
[SourceVersionDate "2007.11.25"]
[SourceQuality "1"]

1. Nf3 f5 2. e4 fxe4 3. Ng5 Nf6 4. d3 e3 5. Bxe3 Nc6 6. f4 e5 7. fxe5 Nxe5 8. Be2 Be7 9. 0-0 0-0 10. d4 Ng6 11. Bd3 Qe8 12. Nc3 d5 13. Qd2 h6 14. Nf3 Bg4 15. Ne5 Bh5 16. h3 Bb4 17. g4 Nxe5 18. dxe5 Qxe5 19. Bf4 Qd4+ 20. Kg2 Bxg4 21. Bh7+ 1-0

[Event "Ludwigshafen-ch 21st"]
[Site "Ludwigshafen"]
[Date "2007.09.06"]
[Round "6"]
[White "Zielenski, Norbert"]
[Black "Frantzke, Helmut"]
[Result "1/2-1/2"]
[WhiteElo "1585"]
[BlackElo "1955"]
[PlyCount "101"]
[EventDate "2007.08.25"]
[EventType "swiss"]
[EventRounds "7"]
[EventCountry "GER"]
[SourceTitle "EXT 2008"]
[Source "ChessBase"]
[SourceDate "2007.11.25"]
[SourceVersion "1"]
[SourceVersionDate "2007.11.25"]
[SourceQuality "1"]

1. d4 Nf6 2. c4 g6 3. Nc3 Bg7 4. e4 d6 5. Nf3 0-0 6. Be2 Bg4 7. h3 Bxf3 8. Bxf3 Nc6 9. Be3 e5 10. d5 Ne7 11. Qd2 Nd7 12. g4 Nb6 13. Be2 c6 14. h4 cxd5 15. cxd5 f6 16. h5 g5 17. f3 h6 18. 0-0 Rc8 19. Rfc1 a6 20. Nd1 Nd7 21. Rxc8 Qxc8 22. Rc1 Qb8 23. Nc3 b5 24. b4 Nb6 25. Kf1 Rc8 26. Nd1 Nc4 27. Bxc4 bxc4 28. Nb2 Qb5 29. Ke1 Bf8 30. Qc3 Nxd5 31. exd5 Qxd5 32. Bf2 Qe6 33. Qc2 d5 34. Bc5 e4 35. Kf2 Bxc5+ 36. bxc5 f5 37. fxe4 fxe4 38. Qe2 Rf8+ 39. Ke1 Rf3 40. Nxc4 Qxg4 41. Nd2 Qg3+ 42. Kd1 Rd3 43. c6 Qg1+ 44. Qe1 Qg4+ 45. Qe2 Qg1+ 46. Qe1 Qg4+ 47. Qe2 Qg1+ 48. Qe1 Qg4+ 49. Qe2 Qg1+ 50. Qe1 Qg4+ 51. Qe2 1/2-1/2

[Event "EU-ch Seniors 07th"]
[Site "Hockenheim"]
[Date "2007.06.10"]
[Round "9"]
[White "Frantzke, Helmut"]
[Black "Straub, Hermann"]
[Result "0-1"]
[WhiteElo "1955"]
[BlackElo "1993"]
[PlyCount "38"]
[EventDate "2007.06.02"]
[EventType "swiss"]
[EventRounds "9"]
[EventCountry "GER"]
[SourceTitle "CBM 118 Extra"]
[Source "ChessBase"]
[SourceDate "2007.07.04"]
[SourceVersion "1"]
[SourceVersionDate "2007.07.04"]
[SourceQuality "1"]

1. Nf3 b6 2. g3 Bb7 3. Bg2 e6 4. d3 f5 5. Nbd2 Nf6 6. 0-0 Be7 7. Re1 0-0 8. c3 Qe8 9. e4 fxe4 10. dxe4 Nc6 11. b4 Rd8 12. b5 Na5 13. e5 Ng4 14. h3 Nh6 15. g4 Qf7 16. Ne4 Qg6 17. Ng3 Qf7 18. Re3 Nc4 19. Rd3 Nxe5 0-1

[Event "Pfalz-ch Seniors 75th"]
[Site "Kaiserslautern"]
[Date "2006.04.13"]
[Round "5"]
[White "Hiller, Joachim"]
[Black "Frantzke, Helmut"]
[Result "0-1"]
[WhiteElo "1843"]
[BlackElo "1791"]
[PlyCount "100"]
[EventDate "2006.04.07"]
[EventType "swiss"]
[EventRounds "7"]
[EventCountry "GER"]
[SourceTitle "EXT 2007"]
[Source "ChessBase"]
[SourceDate "2006.11.23"]
[SourceVersion "1"]
[SourceVersionDate "2006.11.23"]
[SourceQuality "1"]

1. d4 g6 2. c4 Bg7 3. e4 Nc6 4. Nf3 d6 5. Nc3 e5 6. Be3 Bg4 7. d5 Bxf3 8. Qxf3 Nd4 9. Qd1 c5 10. dxc6 bxc6 11. Qa4 Ne7 12. Bd3 0-0 13. 0-0 Ne6 14. b4 f5 15. f3 f4 16. Bf2 g5 17. Rad1 Nd4 18. c5 d5 19. exd5 cxd5 20. Ne2 Ne6 21. Bc4 Kh8 22. Nc3 Nd4 23. Ba6 Qc7 24. Ne2 Ndf5 25. Qb3 d4 26. Bd3 Rab8 27. Be4 a5 28. b5 Qxc5 29. a4 Nd6 30. Rc1 Qb6 31. Nc3 Qd8 32. Nd5 Nxe4 33. fxe4 Nxd5 34. exd5 e4 35. Rfd1 e3 36. Be1 f3 37. gxf3 Rxf3 38. Bg3 Rb7 39. Rf1 g4 40. d6 Rbf7 41. Qe6 Rf8 42. d7 d3 43. Rxf3 gxf3 44. Qxe3 Qxd7 45. Kf2 Re8 46. Qxf3 Rf8 47. Bf4 Qd4+ 48. Kg3 Bh6 49. Rf1 Bxf4+ 50. Kg2 Bd6 0-1

[Event "Kurpfalz Seniors op 11th"]
[Site "Ludwigshafen"]
[Date "2005.09.23"]
[Round "6"]
[White "Frantzke, Helmut"]
[Black "Koellmer, Hans Peter"]
[Result "1/2-1/2"]
[WhiteElo "1759"]
[BlackElo "1482"]
[PlyCount "87"]
[EventDate "2005.09.18"]
[EventType "swiss"]
[EventRounds "7"]
[EventCountry "GER"]
[SourceTitle "EXT 2007"]
[Source "ChessBase"]
[SourceDate "2006.11.23"]
[SourceVersion "1"]
[SourceVersionDate "2006.11.23"]
[SourceQuality "1"]

1. Nf3 c5 2. e4 e6 3. g3 d6 4. Bg2 b6 5. 0-0 Bb7 6. Re1 Nd7 7. d3 Ngf6 8. Nbd2 Be7 9. c3 0-0 10. Nf1 Qc7 11. h3 Rfd8 12. g4 h6 13. g5 hxg5 14. Bxg5 Ne5 15. Ng3 Nxf3+ 16. Qxf3 Nh7 17. Bxe7 Qxe7 18. Qg4 Qg5 19. f4 Qxg4 20. hxg4 g6 21. f5 gxf5 22. gxf5 e5 23. Kf2 f6 24. Bf3 Kf7 25. Bh5+ Ke7 26. Bg6 Rh8 27. Nh5 Ng5 28. Rh1 Ba6 29. c4 Rh6 30. Ke3 Rah8 31. a4 Bb7 32. a5 Ra8 33. b3 Rhh8 34. Rh2 Bc6 35. Rha2 b5 36. a6 bxc4 37. bxc4 Rab8 38. Kd2 Rb6 39. Kc2 Rhb8 40. Ng3 Rh8 41. Bh5 Rbb8 42. Rb2 Rxb2+ 43. Kxb2 Rb8+ 44. Kc2 1/2-1/2

[Event "Kurpfalz Seniors op 11th"]
[Site "Ludwigshafen"]
[Date "2005.09.20"]
[Round "3"]
[White "Hiller, Joachim"]
[Black "Frantzke, Helmut"]
[Result "1-0"]
[WhiteElo "1875"]
[BlackElo "1759"]
[PlyCount "75"]
[EventDate "2005.09.18"]
[EventType "swiss"]
[EventRounds "7"]
[EventCountry "GER"]
[SourceTitle "EXT 2007"]
[Source "ChessBase"]
[SourceDate "2006.11.23"]
[SourceVersion "1"]
[SourceVersionDate "2006.11.23"]
[SourceQuality "1"]

1. d4 g6 2. e4 c6 3. c4 d5 4. Nc3 dxe4 5. Nxe4 Bg7 6. Be3 Bf5 7. Ng3 Nf6 8. Nxf5 Qa5+ 9. Qd2 Qxf5 10. Bd3 Qe6 11. h3 Nbd7 12. Nf3 Bh6 13. 0-0 Bxe3 14. fxe3 h6 15. Rae1 Ne4 16. Qc2 Ndf6 17. Nd2 Nxd2 18. Qxd2 Ne4 19. Qc2 Ng3 20. Rf3 Nh5 21. d5 cxd5 22. cxd5 Qd6 23. Qa4+ Kf8 24. Qd4 Rg8 25. Ref1 Rg7 26. Rxf7+ Kg8 27. Rxg7+ Nxg7 28. e4 e5 29. Qf2 Qb6 30. Qxb6 axb6 31. Rf6 Rxa2 32. Rxb6 Nh5 33. d6 Ra1+ 34. Kf2 Rd1 35. Ke2 Rg1 36. d7 Nf4+ 37. Kd2 Rxg2+ 38. Kc3 1-0

[Event "Kurpfalz Seniors op 11th"]
[Site "Ludwigshafen"]
[Date "2005.09.19"]
[Round "2"]
[White "Frantzke, Helmut"]
[Black "Minz, Michail"]
[Result "1/2-1/2"]
[WhiteElo "1759"]
[BlackElo "2012"]
[PlyCount "102"]
[EventDate "2005.09.18"]
[EventType "swiss"]
[EventRounds "7"]
[EventCountry "GER"]
[SourceTitle "EXT 2007"]
[Source "ChessBase"]
[SourceDate "2006.11.23"]
[SourceVersion "1"]
[SourceVersionDate "2006.11.23"]
[SourceQuality "1"]

1. Nf3 d5 2. d3 Nf6 3. Nbd2 Nc6 4. e4 e5 5. g3 dxe4 6. dxe4 Bc5 7. Bg2 Bg4 8. h3 Bxf3 9. Qxf3 Nd4 10. Qd1 Qe7 11. c3 Nc6 12. b4 Bd6 13. a4 Rd8 14. 0-0 Qe6 15. Qe2 a6 16. Nc4 Be7 17. Ne3 Nb8 18. Nd5 Nxd5 19. exd5 Qf6 20. b5 0-0 21. c4 axb5 22. axb5 Bd6 23. Bb2 Nd7 24. f4 Qe7 25. Rae1 f6 26. h4 Bb4 27. Rd1 exf4 28. Qxe7 Bxe7 29. Rxf4 Bd6 30. Rf3 Ra8 31. Bh3 Nc5 32. Bd4 Rfe8 33. Kf1 Ra2 34. Bxc5 Bxc5 35. Be6+ Kf8 36. g4 Rea8 37. g5 Ra1 38. Rxa1 Rxa1+ 39. Ke2 Bd4 40. gxf6 Bxf6 41. h5 Ra2+ 42. Kd3 Rh2 43. Bg4 Rh4 44. Rf4 Ke7 45. c5 Be5 46. Re4 Kf6 47. Ke3 g6 48. hxg6 hxg6 49. Kf3 Rh1 50. d6 cxd6 51. cxd6 Rd1 1/2-1/2

[Event "Bad Woerishofen Seniors op 21st"]
[Site "Bad Woerishofen"]
[Date "2005.03.09"]
[Round "7"]
[White "Duer, Maria"]
[Black "Frantzke, Helmut"]
[Result "1-0"]
[WhiteElo "1694"]
[BlackElo "1774"]
[PlyCount "105"]
[EventDate "2005.03.03"]
[EventType "swiss"]
[EventRounds "9"]
[EventCountry "GER"]
[SourceTitle "EXT 2006"]
[Source "ChessBase"]
[SourceDate "2005.11.24"]
[SourceVersion "1"]
[SourceVersionDate "2005.11.24"]
[SourceQuality "1"]

1. d4 Nf6 2. c4 e5 3. dxe5 Ne4 4. Nf3 Bc5 5. e3 0-0 6. Nbd2 Bb4 7. Bd3 Nc5 8. Be2 Nc6 9. a3 Bxd2+ 10. Bxd2 Qe7 11. Bc3 Ne4 12. Qc2 f5 13. exf6 Nxf6 14. 0-0 d6 15. Rad1 Bg4 16. h3 Bh5 17. Nd4 Bg6 18. Nxc6 bxc6 19. Bd3 Ne4 20. b3 c5 21. Bb2 Rae8 22. Rde1 Qh4 23. f3 Ng3 24. Rf2 Bxd3 25. Qxd3 Rf7 26. Qd5 Ne4 27. Rfe2 Nf6 28. Bxf6 Qxf6 29. e4 Qc3 30. Re3 Qd4 31. Qxd4 cxd4 32. Rd3 c5 33. b4 Rb7 34. Rb1 a6 35. Rdb3 Reb8 36. Kf2 Kf7 37. Ke2 g5 38. Kd3 Kf6 39. g3 Ke5 40. Kc2 h6 41. Kd3 a5 42. b5 a4 43. R3b2 Rb6 44. Rf2 R6b7 45. f4+ gxf4 46. gxf4+ Kf6 47. Rg2 Rh7 48. Rbg1 h5 49. Rg6+ Kf7 50. h4 Rbh8 51. f5 Ke7 52. R1g5 Rf7 53. Re6+ 1-0

[Event "Bad Woerishofen Seniors op 21st"]
[Site "Bad Woerishofen"]
[Date "2005.03.05"]
[Round "3"]
[White "Scheller, Gerhard"]
[Black "Frantzke, Helmut"]
[Result "1/2-1/2"]
[WhiteElo "1453"]
[BlackElo "1774"]
[PlyCount "53"]
[EventDate "2005.03.03"]
[EventType "swiss"]
[EventRounds "9"]
[EventCountry "GER"]
[SourceTitle "EXT 2006"]
[Source "ChessBase"]
[SourceDate "2005.11.24"]
[SourceVersion "1"]
[SourceVersionDate "2005.11.24"]
[SourceQuality "1"]

1. d4 c6 2. Nf3 g6 3. c3 Bg7 4. e4 d6 5. Be3 Bg4 6. Be2 Nd7 7. h3 Bxf3 8. Bxf3 e5 9. Na3 b5 10. d5 cxd5 11. Nxb5 Nb6 12. Bxb6 Qxb6 13. Qxd5 Rd8 14. 0-0 Nf6 15. Qc4 0-0 16. Rfd1 a6 17. Na3 Rc8 18. Qb3 Qc5 19. Qb4 Rfd8 20. Qxc5 Rxc5 21. Nc2 a5 22. Ne3 Bf8 23. Rab1 a4 24. c4 Nd7 25. b4 axb3 26. axb3 Bh6 27. Rxd6 1/2-1/2

[Event "EU-ch Seniors 05th"]
[Site "Bad Homburg"]
[Date "2005.??.??"]
[Round "1"]
[White "Rosen, Willy"]
[Black "Frantzke, Helmut"]
[Result "1-0"]
[WhiteElo "2307"]
[BlackElo "1973"]
[PlyCount "57"]
[EventDate "2005.06.25"]
[EventType "swiss"]
[EventRounds "9"]
[EventCountry "GER"]
[SourceTitle "EXT 2006"]
[Source "ChessBase"]
[SourceDate "2005.11.24"]
[SourceVersion "1"]
[SourceVersionDate "2005.11.24"]
[SourceQuality "1"]

1. e4 g6 2. d4 Bg7 3. Nc3 c6 4. Nf3 d5 5. h3 Nf6 6. e5 Nfd7 7. Bf4 f6 8. Qd2 0-0 9. 0-0-0 b5 10. h4 Nb6 11. h5 b4 12. Nb1 a5 13. Bh6 g5 14. Bxg5 fxg5 15. h6 Bf6 16. Nxg5 Bxg5 17. Qxg5+ Kf7 18. Qg7+ Ke8 19. Qxh7 Bf5 20. Qg7 Kd7 21. h7 Rh8 22. Nd2 a4 23. g4 Be6 24. f4 Kc7 25. f5 Bc8 26. f6 N6d7 27. fxe7 Qe8 28. Bd3 Ba6 29. Bg6 1-0

[Event "GER-chA Seniors 16th"]
[Site "Templin"]
[Date "2004.09.05"]
[Round "2"]
[White "Limberg, Siegfried"]
[Black "Frantzke, Helmut"]
[Result "1-0"]
[WhiteElo "2030"]
[BlackElo "1785"]
[PlyCount "83"]
[EventDate "2004.09.04"]
[EventType "swiss"]
[EventRounds "9"]
[EventCountry "GER"]
[SourceTitle "EXT 2005"]
[Source "ChessBase"]
[SourceDate "2004.11.15"]
[SourceVersion "1"]
[SourceVersionDate "2004.11.15"]
[SourceQuality "1"]

1. d4 g6 2. e4 c6 3. c3 d5 4. f3 Bg7 5. Bd3 dxe4 6. fxe4 e5 7. dxe5 Bxe5 8. Nf3 Bg4 9. Be3 Nd7 10. Qc2 Qc7 11. Nbd2 Bf4 12. Bxf4 Qxf4 13. 0-0 0-0-0 14. Rae1 Nc5 15. Nd4 Qc7 16. Bc4 Nh6 17. b4 Ne6 18. Nxe6 Bxe6 19. Bxe6+ fxe6 20. Nc4 Ng4 21. e5 b5 22. Qe4 h5 23. Nd6+ Kb8 24. Rf7 Rd7 25. Rxd7 Qxd7 26. h3 Nh6 27. Qxg6 Nf5 28. Nxf5 exf5 29. e6 Qd2 30. Qg3+ f4 31. Qf2 Qxc3 32. Qxf4+ Kb7 33. Rd1 a5 34. Rd7+ Ka6 35. Qf2 Ra8 36. e7 Qa1+ 37. Kh2 Qe5+ 38. g3 h4 39. Rd8 hxg3+ 40. Qxg3 Qb2+ 41. Kg1 Qb1+ 42. Kg2 1-0